000 00436nab a2200145Ia 4500
003 ES-SlBCS
005 20210601131746.0
008 140529s1936 xxu||||| |||| 00| 0 fre d
041 _afre
100 1 _aSturzo, Luigi
_9117728
245 0 0 _aLa charité chrétienne et la politique
_c Luigi Sturzo
650 0 4 _aCaridad Cristiana
_9188676
773 0 _tVie Intelectuelle (La)
_gvol. 42, nº. 3, 1936, págs. 409-436
_wRev907
942 _cAR
999 _c568314
_d568314